000
00288nam a22000977a 4500
999
_c
526698
_d
526698
082
_a
SNT Lx54 Sh23
100
_a
Sharma, Aruna Limaye
_9
46258
245
_a
Resource convergence mantra model
_b
By Sharma, Aruna Limaye
260
_a
New Delhi
_b
Sheriden Book Company
_c
2008
300
_a
220p